Emerging hybrid practices in public- private research centres (Record no. 108760)

000 -LEADER
fixed length control field 01313pab a2200145 454500
008 - FIXED-LENGTH DATA ELEMENTS--GENERAL INFORMATION
fixed length control field 180718b2015 xxu||||| |||| 00| 0 eng d
100 ## - MAIN ENTRY--PERSONAL NAME
Personal name Gulbrandsen, Magnus
245 ## - TITLE STATEMENT
Title Emerging hybrid practices in public- private research centres
260 ## - PUBLICATION, DISTRIBUTION, ETC.
Date of publication, distribution, etc. 2015
300 ## - PHYSICAL DESCRIPTION
Extent p.363-379.
520 ## - SUMMARY, ETC.
Summary, etc. In this article we use a comparative case study of collaborative research centres that operate at the interface between public science and private industry to question the assumption that hybrid organizations lead to hybrid practices. Public private partnerships are intended to contribute to new work practices that solve challenges in public service provision and influence industrial innovativeness by engaging public research capabilities. Analysis of eight Scandinavian centres indicates considerable variance with respect to levels of integration of public and private partners and tensions between them. Five of the cases display no or highly contested hybrid practices and there seem to be many barriers to hybridization. Large differences in work practices from earlier interaction between the partners and radical goals of commercialization of excellent public science are important explanations. - Reproduced.
650 ## - SUBJECT ADDED ENTRY--TOPICAL TERM
Topical term or geographic name entry element Public private partnerships
773 ## - HOST ITEM ENTRY
Main entry heading Public Administration
909 ## -
-- 108765
Holdings
Withdrawn status Lost status Damaged status Not for loan Permanent Location Current Location Date acquired Serial Enumeration / chronology Barcode Date last seen Price effective from Koha item type
        Indian Institute of Public Administration Indian Institute of Public Administration 2018-07-19 Volume no: 93, Issue no: 2 AR109225 2018-07-19 2018-07-19 Articles

Powered by Koha